000 00951nam a2200325Ia 4500
005 20251020182507.0
008 200515s9999 xx 000 0 und d
020 _a84-7840-656-5
082 _a628.5/L
100 _aInstituto Geológico y Minero de España
245 0 _aLos RESIDUOS minero-metalúrgicos en el medio ambiente
260 _aMadrid
260 _bInstituto Geológico y Minero de España
260 _c2006
300 _a744 p.
300 _bil., graf., map., fot., col.
490 _aPUBLICACIONES DEL INSTITUTO GEOLÓGICO Y MINERO DE ESPAÑA. Serie: MEDIO AMBIENTE N° 11
500 _a1 ejemplar
650 _aAGUA CONTAMINADA
650 _aBASURA
650 _aCONTAMINANTES
650 _aESPAÑA
650 _aESTUDIO IMPACTO MEDIO
650 _aEXPLOTACION MINERA
650 _aREACONDICIONAMIENTO
650 _aRESIDUO INDUSTRIAL
650 _aTRATAMIENTO DE AGUA
942 _cLIB
999 _c1308
_d1308